000 00401nam a22001697a 4500
003 SGT
020 _a9780702069925
082 _a616.075
_bM18I
100 _aINNES, J ALASTAIR. ed.
245 _aMAELEOD'S CLINICAL EXAMINATION
250 _a14TH
260 _aNEW DELHI
_bELSEVIER
_c2018
300 _a383
650 _aCLINICAL MEDICINE
653 _aCLINICAL, EXAMINATION
942 _2ddc
_cBK
_06
999 _c22880
_d22880